|
|
|
|
| LEADER |
00000nam0a2200000 4500 |
| 001 |
110745 |
| 005 |
20231101214943.0 |
| 010 |
|
|
|a 5180010039
|
| 035 |
|
|
|a (RuTPU)RU\TPU\book\119603
|
| 090 |
|
|
|a 110745
|
| 100 |
|
|
|a 20070301d2006 m y0rusy50 ca
|
| 101 |
0 |
|
|a rus
|
| 102 |
|
|
|a RU
|
| 105 |
|
|
|a ac z 000ay
|
| 200 |
1 |
|
|a Речь без повода... или Колонки редактора
|e раннее неизданные материалы
|f С. Д. Довлатов
|
| 210 |
|
|
|a Москва
|c Махаон
|d 2006
|
| 215 |
|
|
|a 432 с.
|c ил.
|
| 330 |
|
|
|a Книга Сергея Довлатова — событие для ценителей творчества одного из самых любимых и популярных в России писателей, событие в мире литературы и журналистики. Впервые публикуются произведения, неизвестные нашему читателю, созданные в период, который сам Довлатов называл «лучшими днями моей жизни». Эта книга многомерна, многопространственна, многовекторна, как сама жизнь. Но ведь «искусство — в том зазоре, который остается между реальностью и словесностью. Это почти правда, но лучше правды — не потому, что глубже, тоньше, выше (здесь с жизнью не тягаться никакой литературе), а потому, что красивее» (П. Вайль).
|
| 610 |
1 |
|
|a русская литература
|
| 610 |
1 |
|
|a проза
|
| 610 |
1 |
|
|a рассказы
|
| 610 |
1 |
|
|a публицистика
|
| 610 |
1 |
|
|a русское зарубежье
|
| 675 |
|
|
|a Р1
|v 3
|
| 700 |
|
1 |
|a Довлатов
|b С. Д.
|c русский писатель
|c эммигрант
|f 1941-1990
|g Сергей Донатович
|2 stltpush
|3 (RuTPU)RU\TPU\pers\1114
|9 503
|
| 801 |
|
1 |
|a RU
|b 63413507
|c 20070301
|g PSBO
|
| 801 |
|
2 |
|a RU
|b 63413507
|c 20160808
|g PSBO
|
| 942 |
|
|
|c BK
|
| 959 |
|
|
|a 25/20070301
|d 1
|e 261,91
|f ХФ:1
|